00794nam a22001097a 4500008004100000100002900041245004400070260001900114300003100133520050100164773001900665250506b ||||| |||| 00| 0 eng d a Gupta, Krishna Kuamr  aUnion budget 2025-26: Some reflections  aThe Cooperator a62(8), Feb, 2025: p.15-19  a The union budget 2025-26 has been received with a lot of enthusiasm and interest by all those interned with various sectors of the national economy in general. The budget has fussed on five major planks namely accelerating the growth, securing inclusive development, invigorating private sector investments, uplifting the household sentiments and enchasing spending power of India’s rising middle class amidst the clouds of lower global economic growth owner the medium term. – Reproduced  aThe Cooperator